000 00538nam a2200205Ia 4500
003 0100
008 130307s9999 xx 000 0 und d
040 _cARRUPELIB
050 _aBC135.L58
245 4 _aThe Logic of decision and action
260 _aLondon
260 _bUniversity of Pittsburg press
300 _a226p.
300 _b23cm
650 _aLOGIC
650 _bKierkegaard, Soren, 1813-1855--Religion
650 _cChristianity--Philosophy--History--19th century
700 _aRescher, Nicholas (ed.)
942 0 0 _01
999 _c94345
_d94345